000
00348pam a2200157a 44500
008
230515b1965 xxu||||| |||| 00| 0 eng d
020
_a
NULL
041
_a
ENGLISH
082
_a
630
100
_a
2996-1964
245
_a
MOUNTING DIMENSIONS FOR GRINDING WHEELS
250
_a
0
260
_a
DELHI
_b
ISI
_c
1965
300
_a
23
650
_a
NULL
999
_c
651906
_d
651906